Films commençant par O par images - Statistiques

Statistiques générales
  • Ce quiz a été pris 963 fois
  • Le résultat moyen est 7 sur 24
Statistiques - réponses
Par images Réponse % Correct
OSS 117 : Le Caire, nid d'espions
93%
Oppenheimer
74%
L'Odyssée de Pi
56%
Orange mécanique
53%
Les Oiseaux
52%
Orgueil et Préjugés
47%
Once upon a time in Hollywood
45%
Ocean's 8
42%
Old Boy
31%
On a retrouvé la septième compagnie
30%
Oscar
26%
Oliver Twist
23%
O'Brother
20%
Omar m'a tuer
18%
Okja
16%
Out of Africa
12%
Odette tout le monde
5%
On connaît la chanson
5%
Only Lovers Left Alive
3%
Oslo, 31 août
2%
Les Ogres
1%
Obsession
1%
Orpheline
1%
Oublie moi
1%
Aucun quiz correspondant
Distribution des résultats
% des personnes avec chaque résultat
Percentile par nombre de réponses
Votre historique - résultats
Vous n’avez pas pris ce quiz